Who Said It: God or Kanye? Quiz Stats

 Plays Quiz Updated Jul 28, 2015

Challenge
Share
Tweet
Embed
Score 0/14 Timer 05:00
11 Plays Today
Quote Enter 'G' or 'K' % Correct
The first collection was way better than the second. It was more artful. It was 30 collections in one.???
91.6%
I am so credible and so influential and so relevant that I will change things.???
88.8%
I am the living bread which came down from heaven.???
83.6%
My voice travels mountains.???
80.3%
Have I been so long with you, and yet you have not come to know me????
79%
I am the way and the truth and the life.???
78.9%
I am the light of the world.???
78.2%
Quote Enter 'G' or 'K' % Correct
I live and breathe every element in life.???
77.4%
After a little while the world will no longer see me, but you will see me.???
60%
I feed the branches of the people.???
59.8%
The devil dances and eventually answers to the call of Autumn.???
58.9%
And all of you are children of the Most High. But you shall die like men and fall like one of the princes.???
56.6%
Everyone who has heard and learned from me, comes to me.???
40.6%
Even if I testify about myself, my testimony is true.???
33.6%

You're not logged in!

Compare scores with friends on all Sporcle quizzes.
Join for Free
OR
Log In

You Might Also Like...

Show Comments

Extras

Top Quizzes Today


Score Distribution

Your Account Isn't Verified!

In order to create a playlist on Sporcle, you need to verify the email address you used during registration. Go to your Sporcle Settings to finish the process.

Report this User

Report this user for behavior that violates our Community Guidelines.

Details: